Energie z odpadu Alternativa ke skladkování

Skládky a možnosti využitia odpadu. Bioodpad a energetické spracovanie v bioplynových staniciach na zelenú elektrinu a iné komodity. Skládky a správne zachádzanie s odpadom v Českej republike. Biometán a jeho možnosti výroby a budúcnosť v Európskej únii.

Guardado en:
Detalles Bibliográficos
Autor principal: Sirová, Barbora
Formato: Capítulo de libro
Lenguaje:checo
Materias:
Etiquetas: Agregar Etiqueta
Sin Etiquetas, Sea el primero en etiquetar este registro!

MARC

LEADER 00000naa a2200000 4500
001 0273812
005 20210519165244.0
041 0 |a cze 
044 |a CZ 
245 1 0 |a Energie z odpadu  |b Alternativa ke skladkování  |c Barbora Sirová 
520 |a Skládky a možnosti využitia odpadu. Bioodpad a energetické spracovanie v bioplynových staniciach na zelenú elektrinu a iné komodity. Skládky a správne zachádzanie s odpadom v Českej republike. Biometán a jeho možnosti výroby a budúcnosť v Európskej únii. 
610 2 0 |a recyklácia odpadu 
610 2 0 |a odpad 
610 2 0 |a odpad komunálny 
610 2 0 |a bioplyn 
610 2 0 |a biopalivá 
610 2 0 |a skládky odpadu 
610 2 0 |a elektrina 
610 2 0 |a ekológia 
610 2 0 |a hospodárnosť 
610 2 0 |a Česko 
610 2 0 |a Európska únia 
100 1 |a Sirová, Barbora